| 000 | 01643nam0a2200397 4500 | ||
|---|---|---|---|
| 001 | RU\NLR\BIBL_A\011221576 | ||
| 005 | 20250625220629.0 | ||
| 010 |
_a978-5-699-90941-4 _93000 |
||
| 021 |
_aRU _b2016-70411 _94538 |
||
| 035 | _a(NILC)RuMoRGB-008619580 | ||
| 035 | _a(NLR Aleph) 011221576 | ||
| 090 |
_a12027869 _c12027869 |
||
| 100 | _a20160930d2016 |||y0rusy50 ca | ||
| 101 | 1 |
_arus _ceng |
|
| 102 | _aRU | ||
| 105 | _ay|||z|||000yy | ||
| 200 | 1 |
_aПеревороты _eкак США свергают неугодные режимы _fСтивен Кинцер _g[пер. с англ. К. Гусаковой] |
|
| 210 |
_aМосква _cЭксмо _d2016 |
||
| 215 |
_a413, [1] с. _d21 |
||
| 225 | 1 |
_aМировая политика _eкак это делается |
|
| 225 | 1 | _aШкола перевода В. Баканова | |
| 333 | _a16+ | ||
| 517 | 1 | _aКак США свергают неугодные режимы | |
| 606 | 1 |
_aМировая политика _z20 - нач. 21 вв. _92198114 _3RU\NLR\AUTH\6601556149 |
|
| 607 |
_aСоединенные Штаты Америки _xВоенная политика _z20 - 21 вв. _92450594 _3RU\NLR\AUTH\661457068 |
||
| 607 |
_aСоединенные Штаты Америки _xВнешняя политика _9988246 _3RU\NLR\AUTH\66372922 |
||
| 686 | 1 | _aЦ8(7США)1 | |
| 686 | 1 | _aФ2 | |
| 686 | 1 | _aТ3(7США)0-6 | |
| 700 | 1 |
_aКинцер _bС. _f1951- _gСтивен |
|
| 801 | 0 |
_aRU _bРГБ _c20160915 _gRCR |
|
| 942 | _cBOOK | ||
| 980 | _aNBR | ||
| 980 | _aNB | ||